| 000 | 00560nam a2200145 a 4500 | ||
|---|---|---|---|
| 001 | 000026773 | ||
| 005 | 20250502073819.0 | ||
| 008 | 110325s1969 dr 000 0 spa d | ||
| 040 |
_aDO-SdBNP _bspa _cBNPHU |
||
| 110 | 1 |
_aRepública Dominicana. _bOficina Nacional de Administración y Personal _926398 |
|
| 245 | 1 | 0 | _aManual de clasificación de puestos y estudio de salarios correspondiente a la dirección general de turismo. |
| 260 |
_aSanto Domingo, : _bOficina Nacional de Administración y Personal (ONAP), _c[1969]. |
||
| 300 | _a[s.p.]. | ||
| 049 | _aBNPD | ||
| 999 |
_c26265 _d26265 |
||